000 00903nam a2200265 4500
003 OSt
005 20260530115310.0
008 260418b2012 mx a|||| |||| 00| 0 spa d
020 _a9786079583804
040 _aICI
_bspa
_cICI
050 _aTS197.5
_bR84
100 1 _aRueda, Aleida,
_932650
245 1 0 _aEnvases metálicos en México :
_bdos siglos de innovación con visión al futuro /
_cinvestigación y textos Aleida Rueda, Cecilia Rosen ; recopilación Miguel Ángel Robles
250 _a Primera edición
264 1 _b Editorial Armonía,
_c2012
_aMéxico, D.F. :
300 _a141 páginas
_bilustraciones
336 _atexto
_2rdacontent
337 _asin medio
_2rdamedia
338 _avolumen
_2rdacarrier
650 _2Envases
650 _2Envases metálicos
700 _aRosen, Cecilia,
_eautor
_932651
700 _aRobles, Miguel Ángel, |
_e editor
_932652
942 _2lcc
_cBK
999 _c13297
_d13297